000 01847cam a2200481 a 4500
001 16939794
003 OSt
005 20251203133630.0
008 110830s2012 ilu b 001 0 eng
010 _a 2011036191
020 _a9781433530036
_qhbk.
020 _a1433530031
_qhbk.
020 _a9781433530043
_qPDF
020 _a143353004X
_qPDF
020 _a9781433530050
_qMobipocket
020 _a1433530058
_qMobipocket
020 _a9781433530067
_qebk.
020 _a1433530066
_qebk.
035 _a16939794
035 _a(OCoLC)751780739
040 _aDLC
_beng
_cDLC
_dIG#
_dBTCTA
_dOQX
_dBDX
_dDLC
050 0 0 _aBT751.3
_b.C47 2012
082 0 0 _a230
_223
100 1 _aChandler, Matt,
_d1974-
245 1 4 _aThe explicit Gospel /
_cMatt Chandler with Jared Wilson.
260 _aWheaton, Ill. :
_bCrossway,
_cc2012.
300 _a237 p. ;
_c23 cm.
336 _atext
_btxt
_2rdacontent
337 _aunmediated
_bn
_2rdamedia
338 _avolume
_bnc
_2rdacarrier
504 _aIncludes bibliographical references and indexes.
505 0 _aPt. 1. The Gospel on the ground. Man ; Christ ; Response -- pt. 2. The Gospel in the air. Creation ; Fall ; Reconciliation ; Consummation -- pt. 3. Implications and applications. Dangers in a Gospel on the ground too long ; Dangers in a Gospel in the air too long ; Moralism and the cross.
650 0 _aSalvation
_xChristianity.
650 0 _aRedemption
_xChristianity.
650 0 _aSalvation
_xBiblical teaching.
650 0 _aRedemption
_xBiblical teaching.
650 0 _aProtestant Churches
_xDoctrines.
700 1 _aWilson, Jared C.,
_d1975-
906 _a7
_bcbc
_corignew
_d1
_eecip
_f20
_gy-gencatlg
942 _2lcc
_cBK
999 _c20886
_d20885